01489cam a2200349 i 4500001001000000003000700010005001700017008004100034020003800075040003400113041000800147042000900155084002100164090001300185100001400198245011900212246004300331246004900374250001100423260009700434300004300531490002200574503001600596650003200612650002500644650002500669700001700694830002200711942001400733999001500747952037700762005183243YEEZEN20260107140039.0250414s2024 ch ad e 000 0 chi d a9786267488201q(平裝) :cNT$520 amcutlbchicmcutldmcutleccr0 achi anbic a312.49E92ncsclt a312.49E91 a吳承穎10aChatGPT X Excel自動化工作聖經 :bAI生成公式、數據詮釋、統計報表 /c吳承穎(樂咖老師)作3 aAI生成公式數據詮釋統計報表30aAI生成公式、數據詮釋、統計報表 a初版 a臺北市 :b創意市集, 城邦文化出版 :b家庭傳媒城邦分公司發行,c2024.08 a[344]面 :b彩圖, 表格 ;c23公分1 aBizPro ;v2AB548. a2024年4刷 7aEXCEL(電腦程式)2lcstt. 7a人工智慧2lcstt. 7a統計分析2lcstt.0 a樂咖老師 0aBizPro ;v2AB548. 2cclcBOOK c7680d7680 00102ccl4070ayeezenbyeezencYEEZENd2026-01-07l3m2o312.49E9pC03266r2026-03-17 00:00:00s2026-03-11w2026-01-07yBOOKz本書可以教會你: 不要記一大堆複雜公式,學會系統化 ChatGPT 詠唱技巧,讓 AI 幫你寫出公式! 打破 Excel 傳統教學法,AI 時代,讓我們從解決你的任務問題直接出發,立刻用在工作上!